000
00277nam a2200109Ia 4500
001
1276692
005
20260417160452.0
008
260417s9999 xx 000 0 und d
020
_a
9786059604734
245
0
_a
Sözcük Korsanı
_c
Aşkın Güngör
260
_b
Tudem Yayınları
999
_c
1276692
_d
1276692